000 00640cam a2200217 a 4500
008
020 _a0471138851 (pbk. )
049 _aMAIN
090 _aTK5103.4DAV
100 1 _aDavidson, Robert P.
245 1 0 _aBroadband networks :
_ba manager's guide /
_cRobert Davidson.
260 _aNew York :
_bWiley Computer Pub.,
_cc1996.
300 _axxiii, 264 p. :
_bill. ;
_c24 cm.
500 _aIncludes index.
650 0 _aBroadband communication systems.
907 _a.b10062993
_b23-02-22
_c17-04-03
003
005 20230123133443.0
040 _cNUST
942 _cBOOKS
_kTK5103.4DAV
999 _c148850
_d148850